000 00986nas a2200325 4500
001 BR0504462
003 BR-BrBNA
005 20231205105742.0
007 ta
008 230509b bl.|||p| |||| 00| 00por d
040 _aBR-BrBNA
_bpor
_cBiblioteca Nacional de Agricultura
041 _a(Pt)
072 _aQ54
100 1 _aBertipaglia, L.M.A.
100 1 _aLuca, S.D.
100 1 _aMelo, G.M.P. de
100 1 _aReis, R.A.
245 1 _aAvaliação de fontes de urease na amonização de fenos de Brachiaria brizantha com dois teores de umidade
650 _aBRACHIARIA DECUMBENS
650 _aCAPIM BRACHIARIA
650 _aCOMPOSTO NITROGENADO
650 _aCAPIM ELEFANTE
650 _aVALOR NUTRITIVO
650 _aAMÔNIA
650 _aURÉIA
650 _aLEUCAENA
773 0 _tRevista Brasileira de Zootecnia (Brazil)
_xISSN 1516-3598
_g(Mar-Apr 2005), v. 34(2) p. 378-386
_wBR0504462
909 _a202311
_bLúcia
_c55
_dLúcia Elande
942 _2AGRIS
_n0
_cANA
999 _c184492
_d184492